000
00315nam a22001337a 4500
008
170330b xxu||||| |||| 00| 0 eng d
020
_a
0471092916
041
_a
eng
080
_a
616-053.2
100
_a
8
101
_a
SHM
245
_a
MANUAL OF PEDIATRIC PARENTERAL NUTRITION
_c
KERNER, J.A
942
_2
udc
_c
BK
999
_c
9142
_d
9142